[Event "Sharjah Blitz op 27th"]
[Site "Sharjah"]
[Date "2022.04.08"]
[Round "5"]
[White "Nalukurti, Abhay Veer"]
[Black "Sabirova, Shakhnoza"]
[Result "0-1"]
[WhiteElo "1083"]
[BlackElo "1919"]
[PlyCount "59"]
[EventDate "2022.04.08"]
[EventType "swiss (blitz)"]
[EventRounds "9"]
[EventCountry "UAE"]
[SourceTitle "CBM 207 Extra"]
[Source "ChessBase"]
[SourceDate "2022.05.31"]
[SourceVersion "1"]
[SourceVersionDate "2022.05.31"]
[SourceQuality "1"]

1. e4 e5 2. f4 d5 3. exd5 e4 4. Nc3 Nf6 5. Bc4 Bc5 6. d4 exd3 7. Qxd3 Qe7+ 8. Nge2 Ng4 9. Rf1 Nxh2 10. Rh1 Ng4 11. Rf1 Qh4+ 12. g3 Qh5 13. Na4 Be7 14. Bd2 Bd7 15. Nac3 Bf5 16. Qf3 Bxc2 17. Rh1 Qg6 18. Rc1 Bf5 19. Nd4 Nf6 20. Ncb5 Na6 21. Bb3 Be4 22. f5 Bxf3 23. fxg6 Bxh1 24. gxf7+ Kf8 25. Ne6+ Kxf7 26. Nexc7 Nxc7 27. Nxc7 Bd6 28. Kf1 Be4 29. Nb5 Bxg3 30. d6+ 0-1